| 000 | 01396nam a2200325Ia 4500 | ||
|---|---|---|---|
| 001 | ebr10380189 | ||
| 003 | CaPaEBR | ||
| 006 | m u | ||
| 007 | cr cn||||||||| | ||
| 008 | 080711s2008 ne a sb 001 0 eng d | ||
| 020 | _z9789042023826 | ||
| 020 | _z9042023821 | ||
| 040 |
_aCaPaEBR _cCaPaEBR |
||
| 035 | _a(OCoLC)252228754 | ||
| 050 | 1 | 4 |
_aPT2605.E4 _bZ58223 2008eb |
| 100 | 1 |
_aBekker, Hugo, _d1925- |
|
| 245 | 1 | 0 |
_aPaul Celan _h[electronic resource] : _bstudies in his early poetry / _cHugo Bekker. |
| 260 |
_aAmsterdam [Netherlands] ; _aNew York : _bRodopi, _c2008. |
||
| 300 |
_axix, 248 p. : _bill. |
||
| 490 | 1 |
_aAmsterdamer Publikationen zur Sprache und Literatur, _x0169-0221 ; _v157 |
|
| 504 | _aIncludes bibliographical references (p. [229]-239) and index. | ||
| 533 |
_aElectronic reproduction. _bPalo Alto, Calif. : _cebrary, _d2010. _nAvailable via World Wide Web. _nAccess may be limited to ebrary affiliated libraries. |
||
| 546 | _aEnglish and German. | ||
| 600 | 1 | 0 |
_aCelan, Paul _xCriticism and interpretation. |
| 650 | 0 |
_aGerman poetry _y20th century _xHistory and criticism. |
|
| 655 | 7 |
_aElectronic books. _2local |
|
| 710 | 2 | _aebrary, Inc. | |
| 830 | 0 |
_aAmsterdamer Publikationen zur Sprache und Literatur ; _v157. Bd. |
|
| 856 | 4 | 0 |
_uhttp://site.ebrary.com/lib/rucke/Doc?id=10380189 _zAn electronic book accessible through the World Wide Web; click to view |
| 999 |
_c101002 _d101002 |
||